Activa 4 : ciencias /

Guardado en:
Autor Principal: González, Raúl A.
Formato: Libro
Publicado: Buenos Aires : Puerto de Palos
Series:Binárea
Materias:
Etiquetas: Agregar Etiqueta
Sin Etiquetas, Sea el primero en etiquetar este registro!
LEADER 01076nam a22002655a 4500
001 CEM.cems012598
005 20070823183553.0
008 130507b######################000#0#####d
003 CEMS
020 |a 9875470155 
082 0 4 |a SG372.242 
100 1 |a González, Raúl A. 
245 1 0 |a Activa 4 :  |b ciencias /  |c Raúl A. González 
260 |a Buenos Aires :  |b Puerto de Palos 
300 |a 300 p. 
490 0 |a Binárea 
505 0 |a Ciencias naturales y proyecto tecnológico / Susana Candía ; Norma Carreras ; Osvaldo Conti ; Cristina López ; Claudia Milano -- Ciencias sociales y formación ética y ciudadana / María Paula González ; Marisa Massone ; Sonia Nuñez ; Andrés Nussbaum ; Ana Virginia Persello 
653 |a Educación 
653 |a Educación primaria 
653 |a Biblioteca maría de los angeles saggio 
653 |a Ciencias naturales-2º egb 
653 |a Ciencias sociales-2º egb 
653 |a Formación ética y ciudadana-2º egb 
653 |a Tecnología-2º egb 
859 |a CEMS  |b BIB. CEMS - 11 de abril  |h SG372.242  |i G589  |p 23738.07  |t Ej.1  |v 4º  |3 4º